| 000 | 00735nam a22002657a 4500 | ||
|---|---|---|---|
| 003 | CHAP | ||
| 005 | 20220329134829.0 | ||
| 008 | 971013s1973 r 00010 d | ||
| 010 | _a26641 | ||
| 011 | _a27613 | ||
| 035 | _a31714 | ||
| 040 | _cCHAP | ||
| 090 | _aFolleto 4511 | ||
| 100 | 0 | 0 |
_aIturbide, Angel. _960699 |
| 245 | _aConstruyendo buenas cercas | ||
| 260 |
_aGuatemala : _bMinisterio de Agricultura, _c1973 |
||
| 300 |
_a12 p. _b: ilus |
||
| 590 |
_aBATCH-UPD _b10 _c20130110 _lUCH01 _h1425 |
||
| 590 |
_aCONVERSION _b10 _c20130109 _lUCH01 _h1315 |
||
| 650 | 1 | 4 |
_aCercos. _921350 |
| 650 | 1 | 4 |
_aConstrucciones rurales. _927378 |
| 901 | _aBK | ||
| 942 | _cFOLL | ||
| 949 |
_aFolleto 4511 _bBC _cFOLL _d-73381 _eTS1 _i31714 _mD _si |
||
| 999 |
_c26641 _d26641 |
||